000 00770nam a2200265 i 4500
001 C2-0327870
003 PPAK
005 20180728125416.0
008 140713s2011 my a|||| ||||| | may d
020 _a9789675346231
040 _aPPAK
_beng
_cPPAK
_erda
082 0 4 _a899.233
_223
090 0 0 _a899.233
_bNOR
_dK
100 0 _aNorayu Fahmi,
_eauthor
245 1 0 _aKhasiat inai dan pokok salam
264 1 _aKuala Lumpur :
_bNurin Maju Enterprise ,
_c2011
300 _a24 pages :
_bcolour illustrations ;
_c26 cm
336 _2rdacontent
_atext
337 _2rdamedia
_aunmediated
338 _2rdacarrier
_avolume
490 1 _aSiri tips khasiat tumbuhan
650 1 0 _aChildren's stories, Malay.
830 0 _aSiri tips khasiat tumbuhan
942 _ddc
_cB
999 _c127398
_d127398